000 00303nam a2200121Ia 4500
008 190802s9999 xx 000 0 und d
020 _a0-380-72729-3
100 _aRobert C. Atkins
245 0 _aDr. Atkin new diet Revolution
260 _aNew York
_bAven Books ICN
_c1992
300 _a446:p
942 _cBK
999 _c2455
_d2455